000 00481nam a22001697a 4500
003 OSt
005 20251203134445.0
008 251203b |||||||| |||| 00| 0 eng d
040 _aDWCL-Main lib
_cOC
082 _aFil. 336.24 R458
100 _aVirgilio D. Reyes
245 _aIncome tax :
_blaw and accounting a new approach/
_cVirgilio D. Reyes
260 _aManila :
_b[s. n.],
_cc?
300 _a334 p. :
_bill. ;
_c22 cm.
650 _aTaxation.
942 _2ddc
_cBK - FIL
_kFil.
_n0
999 _c6766
_d6766